000 00891nam a22003017a 4500
003 CHAP
005 20220817043352.0
008 971013s1956 r 00010 d
010 _a73390
011 _a74362
035 _a83921
040 _cCHAP
090 _aFolleto 4666
100 0 0 _aCarasso, Maurice.
_918779
245 _aAlfalfa
_b: la reina de los forrajes
260 _aYuma, Arizona :
_bFarmers Marketing,
_c1956
300 _a39 p.
_b: ilus. ; mapa
500 _ac.4 en bodega
590 _aBATCH-UPD
_b10
_c20130110
_lUCH01
_h0327
590 _aCONVERSION
_b10
_c20130109
_lUCH01
_h1340
650 1 4 _aAlfalfa.
650 1 4 _aAlfalfa.
901 _aBK
942 _cFOLL
949 _aFolleto 4666
_bBC
_cFOLL
_d-38919
_eTS1
_i83921
_mD
_si
949 _aFolleto 4666
_bBC
_cFOLL
_d-38920
_eTS2
_fc.2
_i83921
_mD
_si
949 _aFolleto 4666
_bBC
_cFOLL
_d-38923
_eTS2
_fc.3
_i83921
_mD
_si
999 _c73390
_d73390